Statistics for The Binding of Isaac All Floors

Click here to take the quiz!

General Stats

  • This quiz has been taken 78 times
  • The average score is 20 of 26

Answer Stats

ChapterFloor% Correct
1Basement
100%
1Burning Basement
96%
2Caves
96%
4Womb
93%
1Cellar
84%
6 (Optional)Chest
84%
2.5 (Alternative)Mines
84%
5Cathedral
76%
3Depths
76%
2Flooded Caves
76%
2.5 (Alternative)Ashpit
73%
6 (Optional)Dark Room
73%
1.5 (Alternative)Dross
73%
3.5 (Alternative)Mausoleum
73%
5Sheol
73%
4.5 (Optional)??? (Blue Womb)
71%
3Dank Depths
71%
4Scarred Womb
71%
4.5 (Alternative)Corpse
69%
4Utero
69%
1.5 (Alternative)Downpour
67%
Endgame (Optional)Home
67%
Endgame (Optional)The Void
67%
3.5 (Alternative)Gehenna
64%
2Catacombs
62%
3Necropolis
62%

Score Distribution

Percentile by Number Answered

Percent of People with Each Score

Your Score History

You have not taken this quiz